Regionen von Frankreich - Statistiken

Allgemein
  • Dieses Quiz wurde 53 mal gespielt
  • Das Durchschnittsergebnis liegt bei 7 aus 13
Antwortstatistiken
Hauptort Region % Korrekt
Rouen Normandie
83%
Rennes Bretagne
78%
Straßburg Grand Est
63%
Paris Île-de-France
59%
Ajaccio Korsika
59%
Marseille Provence-Alpes-Côte d’Azur
51%
Lyon Auvergne-Rhône-Alpes
49%
Dijon Bourgogne-Franche-Comté
41%
Orléans Centre-Val de Loire
37%
Bordeaux Nouvelle-Aquitaine
37%
Toulouse Okzitanien
37%
Lille Hauts-de-France
34%
Nantes Pays de la Loire
29%
Keine übereinstimmenden Quizze gefunden
Verteilung der Resultate
Anzahl Personen mit jedem Resultat
Perzentil nach korrekt beantworteten Fragen
Ihre Resultats-Entwicklung
Sie haben dieses Quiz noch nicht gespielt